| 000 | 00690nam a2200217Ia 4500 | ||
|---|---|---|---|
| 003 | OSt | ||
| 005 | 20220927105705.0 | ||
| 006 | a|||||r|||| 00| 0 | ||
| 007 | ta | ||
| 008 | 220926b |||||||| |||| 00| 0 eng d | ||
| 024 | _a204537 | ||
| 037 | _cReference Collections | ||
| 040 |
_aRTL _cRTL _beng |
||
| 041 |
_2eng _aeng |
||
| 082 | _a"Y:5.27925 N61, K1.26-6(1).1" | ||
| 100 |
_aCensus of india 1961 _9374205 |
||
| 245 | 0 | _avillage survey monographs No.1 Vol. 26 Part 6 tripura | |
| 260 |
_aTripura _bGovt Press _c1961 |
||
| 942 |
_h"Y:5.27925 N61, K1.26-6(1).1" _cCC |
||
| 999 |
_c693907 _d693907 |
||